Proyectos de investigación 1997
Spremljeno u:
| Autor kompanije: | |
|---|---|
| Format: | Knjiga |
| Jezik: | španjolski |
| Izdano: |
Valparaíso
Universidad Católica de Valparaiso
1997
|
| Teme: | |
| Oznake: |
Dodaj oznaku
Bez oznaka, Budi prvi tko označuje ovaj zapis!
|
MARC
| LEADER | 00000nam a2200000 a 4500 | ||
|---|---|---|---|
| 001 | UCR7083 | ||
| 003 | CL-VaPUC | ||
| 008 | 980430e19970000CL |||||||||||||||||spa|d | ||
| 082 | 0 | 4 | |a 378.007 |b UNI |2 21 |
| 110 | 2 | |a Universidad Católica de Valparaíso |e author |9 408382 | |
| 245 | 1 | 0 | |a Proyectos de investigación 1997 |
| 300 | |a 144 p | ||
| 942 | |c BK | ||
| 945 | |d 19980430 00:00:00 |a rbrito | ||
| 260 | |a Valparaíso |b Universidad Católica de Valparaiso |c 1997 | ||
| 650 | 0 | |a Proyectos de investigación |9 259727 | |
| 650 | 7 | |a PROYECTOS FONDECYT |2 CL-VaPUC |9 408383 | |
| 650 | 7 | |a PROYECTOS FONDEF |2 CL-VaPUC |9 408384 | |
| 583 | |a last modification |c 19980430 00:00:00 |k Rodrigo Vera | ||
| 999 | |c 268933 |d 268931 | ||
| 952 | |0 0 |1 0 |4 0 |6 378_007000000000000_UNI_1997 |7 0 |8 P |9 302420 |a BIBEDU |b BIBEDU |c BIBEDU_PB |d 2019-11-20 |i 3912124 |o 378.007 UNI 1997 |p 3912124 |r 2024-01-25 |w 2019-11-20 |y BK |k EPE | ||